Autour du camping - Statistiques

Statistiques générales
  • Ce quiz a été pris 12 fois
  • Le résultat moyen est 7 sur 20
Statistiques - réponses
Question Réponse % Correct
Une semaine en mobil-home dans un camping 4 ou 5* en haute saison coûte environ 1500 €
100%
Entre 2023 et le 1er semestre de 2024, les Européens qui fréquentent les campings français sont 10 % plus nombreux
67%
Les campings 4 et 5 étoiles représentent 21 % de l'ensemble
67%
Quel pourcentage des Français qui partent en vacances ont séjourné dans un camping entre 2021 et 2023 ? 29 %
67%
Le nombre de places de camping en France en 2023 est de 861 103
67%
Combien y-a-t-il de campings en France en 2023 ? environ 7400
67%
Un emplacement avec électricité dans un camping 1* coûte environ 15 €
33%
Le Chiffre d'affaires du camping en France représente en 2023 3 milliards d'euros
33%
Quel pourcentage des clients des campings juge la présence d'une piscine indispensable ? 43 %
33%
Quel pourcentage des clients des campings y va tous les ans ? 44 %
33%
Parmi ces départements, lequel dispose du plus de campings ? Charente-Maritime
33%
Combien de nuitées ont été enregistrées en France en 2023 ? environ 141 millions
33%
Quelle est la première raison pour choisir les vacances au camping ? le prix
33%
Parmi ces départements, lequel est le plus doté en campings de France ? Vendée
33%
Quel pourcentage des clients de camping désirent un emplacement près de la mer ? 39 %
0%
Aujourd'hui dans les campings français il y a 55 % de mobil-homes ou de bungalows et 45 % d'emplacements libres
0%
Quel pourcentage des campeurs met en avant la démarche écologique ? 6 %
0%
La fréquentation des campings entre 2022 et 2023 a augmenté de 4.4 %
0%
La fréquentation des campings 1 et 2 étoiles a entre 2022 et 2023 baissé de 2 %
0%
Parmi ces départements, lequel dispose du plus de campings ? Finistère
0%
Aucun quiz correspondant
Distribution des résultats
% des personnes avec chaque résultat
Percentile par nombre de réponses
Votre historique - résultats
Vous n’avez pas pris ce quiz